| Tag |
First Indicator |
Second Indicator |
Subfields |
| LEADER |
00000cam a2200000 4500 |
| 001 |
in00000196813 |
| 005 |
20151009052410.0 |
| 008 |
760113s1958 nyu 00000 engm |
| 010 |
|
|
|a 58009956
|
| 035 |
|
|
|a (OCoLC)01923927
|
| 035 |
|
|
|9 AAW0477AM
|
| 040 |
|
|
|a DLC
|c TJC
|d m.c.
|d UtOrBLW
|
| 049 |
|
|
|a TXAM
|c 1 [1136293], 2 [1573910]
|
| 050 |
0 |
0 |
|a BR65.A655
|b E5
|
| 100 |
0 |
|
|a Augustine,
|c Saint, Bishop of Hippo.
|
| 245 |
1 |
0 |
|a On Christian doctrine /
|c Translated with an introd., by D. W. Robertson, Jr.
|
| 264 |
|
1 |
|a New York :
|b Liberal Arts Press,
|c [1958]
|
| 300 |
|
|
|a xxii, 169 pages ;
|c 21 cm.
|
| 336 |
|
|
|a text
|b txt
|2 rdacontent
|
| 337 |
|
|
|a unmediated
|b n
|2 rdamedia
|
| 338 |
|
|
|a volume
|b nc
|2 rdacarrier
|
| 490 |
0 |
|
|a The Library of liberal arts, no. 80
|
| 504 |
|
|
|a Bibliography: pages xxi-xxii.
|
| 630 |
0 |
0 |
|a Bible
|x Hermeneutics.
|
| 650 |
|
0 |
|a Preaching.
|
| 700 |
1 |
|
|a Robertson, D. W.,
|c Jr.
|q (Durant Waite),
|d 1914-1992.
|
| 999 |
|
|
|a MARS
|
| 999 |
f |
f |
|s a9fcf0c0-bef9-39ae-a8c6-796d7fc2a0a2
|i 0c2487ad-293e-3e20-a2a7-64d9f201c516
|t 0
|
| 952 |
f |
f |
|p normal
|a Texas A&M University
|b College Station
|c Sterling C. Evans Library
|s Evans stk
|d Evans: Library Stacks
|t 0
|e BR65.A655 E5
|h Library of Congress classification
|i unmediated -- volume
|m A14801759845
|
| 998 |
f |
f |
|a BR65.A655 E5
|t 0
|l Evans: Library Stacks
|